ملامح ثروة مصر الاثرية والسياحية / Malāmiḥ tharwat Miṣr al-atharīyah wa-al-siyāḥīyah

محفوظ في:

مؤلف مشترك: al-Majālis al-Qawmīyah al-Mutakhaṣṣiṣah.

التنسيق: كتاب

اللغة: Undetermined

منشور في: Cairo Maṭbūʻāt al-Majālis al-Qawmīyah al-Mutakhaṣṣiṣah 1993

سلاسل: Maṭbūʻāt al-Majālis al-Qawmīyah al-Mutakhaṣṣiṣah, v.275

الوسوم: إضافة وسم

لا توجد وسوم, كن أول من يضع وسما على هذه التسجيلة!

رقم الطلب: C20 EGYP

LEADER 00563nam a2200133Ia 4500
008 240404s9999||||xx |||||||||||||| ||und||
050 4 |a C20 EGYP 
110 0 |a al-Majālis al-Qawmīyah al-Mutakhaṣṣiṣah. 
245 1 0 |a ملامح ثروة مصر الاثرية والسياحية / Malāmiḥ tharwat Miṣr al-atharīyah wa-al-siyāḥīyah  
264 1 |a Cairo  |b Maṭbūʻāt al-Majālis al-Qawmīyah al-Mutakhaṣṣiṣah  |c 1993 
300 |a 700  |c 34 
490 0 |a Maṭbūʻāt al-Majālis al-Qawmīyah al-Mutakhaṣṣiṣah, v.275  
942 |2 lcc  |c BK 
999 |c 57982  |d 57982